01159nam a2200217 a 4500001001000000003000900010005001700019007000300036008004100039040002500080082002200105111012300127245010200250260004500352300002800397500003800425505034600463650003900809650004300848710005000891000025898DO-SdBNP20230209102835.0ta110224s2000 dr a 000 0 spa d aDO-SdBNPbspacBNPHU a269.24bC748j2222 aConferencia del episcopado Dominicano.eComisión Nacional de Pastoral Universitariad(2000 oct. 28 :cSanto Domingo)10aJubileo universitario 2000 en la República Dominicana :bla Universidad por un nuevo humanismo. aSanto Domingo :bAmigo del Hogar,c2000. a118 p. :bil. ;c22 cm. aIncluye notas al pie de páginas aHimno del jubileo 13|Motivaciones a la celebracion del jubileo 17|Conferencia: Trascendencia del desarrollo de las universidades en República Dominicana 22|Conferencia: La universidad por un nuevo humanismo 51|Celebración eucarística 78|Nuestro compromiso ante el gran jubileo 98|Juramentación graduandos UASD 99|Palabras finales 1004 aCatequesisxObras de divulgación4 aReligiónxEnsayos, conferencias, etc2 aComisión Nacional de Pastoral Universitaria